Sports Quiz

Random Sports or Tennis Quiz
Score 0/55 Timer 07:00
1 Play Today
% Correct
Мария Шарапова
88%
Серена Уильямс
82.2%
Алина Загитова
74.6%
Евгения Медведева
70.9%
Ирина Слуцкая
68.6%
Магдалена Нойнер
67.6%
Мартина Навратилова
66.8%
Анна Чакветадзе
66.6%
Елизавета Туктамышева
66.5%
Алена Косторная
65%
Кайса Мякяряйнен
64%
Доротея Вирер
63.2%
Елена Исинбаева
63.1%
Ляйсан Утяшева
57.4%
Дарья Касаткина
55.7%
Алия Мустафина
55.1%
Магдалена Форсберг
51.8%
Светлана Хоркина
50.8%
Екатерина Гамова
49.8%
Жюстин Энен
46.6%
Мириам Гесснер
46.5%
Каролина Костнер
46.2%
Ольга Корбут
45.3%
Катарина Витт
44.3%
Дженнифер Каприати
44.2%
Алекс Морган
44.2%
Мария Ласицкене
44.2%
Елена Радионова
42.8%
% Correct
Наоми Осака
42.3%
Мария Киселева
40.9%
Эжени Бушар
40.5%
Ульяна Кайшева
40.5%
Светлана Миронова
40.4%
Уши Дизль
38.2%
Эшли Барти
37%
Дина Аверина
36%
Камила Валиева
32.6%
Галина Чистякова
28%
Бекки Хэммон
27.6%
Анжелика Сидорова
26.9%
Илона Корстин
26.6%
Симона Байлз
26.1%
Стефка Костадинова
24.3%
Шелли-Энн Фрейзер-Прайс
22.8%
Марта
21.6%
Тирунеш Дибаба
20.4%
Наталия Гончарова
18.6%
Елена Данилочкина
17.5%
Меган Рапино
17.3%
Александра Горячкина
16.5%
Надежда Карпова
14.7%
Светлана Колесниченко
13.5%
Сью Берд
13.1%
Мия Хэмм
12.4%
Марина Бабешина
10.9%
Remove Ads.
Support Sporcle.
Get the best of Sporcle when you Go Orange. This ad-free experience offers more features, more stats, and more fun while also helping to support Sporcle. Thank you for becoming a member.

You're not logged in!

Compare scores with friends on all Sporcle quizzes.
OR
Log In

Show Comments

Extras

Top Quizzes Today


Score Distribution

Your Account Isn't Verified!

In order to create a playlist on Sporcle, you need to verify the email address you used during registration. Go to your Sporcle Settings to finish the process.

Report this User

Report this user for behavior that violates our Community Guidelines.

Details: